| 000 | 00727cam a2200217 a 4500 | ||
|---|---|---|---|
| 001 | 16561580 | ||
| 003 | OSt | ||
| 005 | 20260323105859.0 | ||
| 008 | 101001s2010 ii af b 001 0deng d | ||
| 020 | _a9788190676021 | ||
| 040 | _c. | ||
| 082 | _a305.420954 GUP | ||
| 100 | 1 | _aDutta Gupta, Sarmistha. | |
| 245 | 1 | 0 |
_aIdentities and histories : _bwomen's writing and politics in Bengal / _cSarmistha Dutta Gupta. |
| 260 |
_aKolkata : _bStree, _c2010. |
||
| 300 |
_ax, 294 p., [4] p. of plates : _bill. ; _c22 cm. |
||
| 650 | 0 |
_aWomen _xPolitical activity _zIndia _zWest Bengal. |
|
| 650 | 0 |
_aWomen and journalism _zIndia _zWest Bengal _xHistory. |
|
| 650 | 0 |
_aWomen journalists _zIndia _zWest Bengal _vBiography. |
|
| 942 |
_2ddc _cBK |
||
| 999 |
_c113695 _d113695 |
||